Automatizované spracovanie štatistických dát

Uložené v:
Podrobná bibliografia
Hlavný autor: Chovanec, Stanislav
Korporativný autor: Vysoká škola ekonomická v Bratislave. Fakulta riadenia
Ďalší autori: Kvietková, Anna
Médium: Kniha
Jazyk:Slovak
Vydavateľské údaje: Bratislava VŠE 1988
Vydanie:1. vyd.
Tagy: Pridať tag
Žiadne tagy, Buďte prvý, kto otaguje tento záznam!

MARC

LEADER 00000nam a2200000 4500
001 c024491
005 20230116092039.3
041 0 |a slo 
044 |a SK 
245 1 0 |a Automatizované spracovanie štatistických dát  |c S. Chovanec, Anna Kvietková 
250 |a 1. vyd. 
264 1 |a Bratislava  |b VŠE  |c 1988 
300 |a 234 s. 
100 1 |a Chovanec, Stanislav 
700 1 |a Kvietková, Anna 
710 2 |a Vysoká škola ekonomická v Bratislave. Fakulta riadenia